[Event "Greek Team Championship"]
[Site "chess24.com"]
[Date "2017.07.06"]
[Round "5"]
[White "Louka, Marianthi"]
[Black "Daskalaki, Sofia"]
[Result "0-1"]
[Board "7"]
[WhiteElo "1490"]
[WhiteCountry "GRE"]
[WhiteFideId "4285026"]
[WhiteEloChange "-8"]
[BlackElo "1568"]
[BlackCountry "GRE"]
[BlackFideId "4265149"]
[BlackEloChange "8"]

1. e4 {[%clk 1:30:57]} e5 {[%clk 1:30:55]} 2. Nf3 {[%clk 1:31:21]} Nc6 {[%clk
1:31:21]} 3. Bc4 {[%clk 1:31:41]} Bc5 {[%clk 1:31:45]} 4. d3 {[%clk 1:30:45]} Nf6
{[%clk 1:31:46]} 5. Nbd2 {[%clk 1:30:57]} d6 {[%clk 1:31:40]} 6. c3 {[%clk
1:30:28]} a6 {[%clk 1:31:14]} 7. Bb3 {[%clk 1:30:38]} O-O {[%clk 1:30:53]} 8. O-O
{[%clk 1:30:37]} Ba7 {[%clk 1:30:12]} 9. Re1 {[%clk 1:30:50]} Ng4 {[%clk
1:28:34]} 10. Re2 {[%clk 1:26:35]} Kh8 {[%clk 1:28:08]} 11. h3 {[%clk 1:17:24]}
Nh6 {[%clk 1:28:16]} 12. Nf1 {[%clk 1:17:41]} f5 {[%clk 1:28:24]} 13. Bxh6 {[%clk
1:10:50]} gxh6 {[%clk 1:28:43]} 14. Ne3 {[%clk 1:10:50]} fxe4 {[%clk 1:24:41]}
15. dxe4 {[%clk 1:11:08]} Bxh3 {[%clk 1:20:58]} 16. Ne1 {[%clk 0:37:45]} Bd7
{[%clk 1:14:41]} 17. a3 {[%clk 0:35:26]} Qg5 {[%clk 1:06:54]} 18. g3 {[%clk
0:27:34]} Ne7 {[%clk 0:57:07]} 19. N1g2 {[%clk 0:26:38]} Rf6 {[%clk 0:55:15]} 20.
Qc2 {[%clk 0:26:05]} Raf8 {[%clk 0:52:25]} 21. Rd1 {[%clk 0:15:58]} h5 {[%clk
0:46:48]} 22. Rdd2 {[%clk 0:06:33]} Rg6 {[%clk 0:31:56]} 23. Nh4 {[%clk 0:05:35]}
Qxh4 {[%clk 0:31:19]} 24. Ng2 {[%clk 0:03:38]} Qxg3 {[%clk 0:31:19]} 0-1

[Event "Greek Team Championship"]
[Site "chess24.com"]
[Date "2017.07.06"]
[Round "5"]
[White "Moshovakis, Aggelos"]
[Black "Vlahakis, Nikos"]
[Result "1-0"]
[Board "8"]
[WhiteElo "2092"]
[WhiteCountry "GRE"]
[WhiteFideId "4297350"]
[WhiteEloChange "2"]
[BlackElo "1563"]
[BlackCountry "GRE"]
[BlackFideId "4228367"]
[BlackEloChange "-2"]

1. e4 {[%clk 1:30:58]} e5 {[%clk 1:30:55]} 2. Nf3 {[%clk 1:31:25]} Nc6 {[%clk
1:31:18]} 3. Bb5 {[%clk 1:31:50]} d6 {[%clk 1:31:29]} 4. d4 {[%clk 1:31:53]} Bd7
{[%clk 1:31:30]} 5. Nc3 {[%clk 1:32:12]} exd4 {[%clk 1:30:58]} 6. Nxd4 {[%clk
1:32:35]} Nf6 {[%clk 1:31:04]} 7. O-O {[%clk 1:32:15]} Be7 {[%clk 1:31:12]} 8.
Bc4 {[%clk 1:25:52]} O-O {[%clk 1:27:34]} 9. Kh1 {[%clk 1:24:04]} Nxd4 {[%clk
1:08:48]} 10. Qxd4 {[%clk 1:24:27]} Be6 {[%clk 1:07:51]} 11. Bxe6 {[%clk
1:03:48]} fxe6 {[%clk 1:08:12]} 12. e5 {[%clk 1:03:59]} c5 {[%clk 1:01:04]} 13.
Qd1 {[%clk 1:01:56]} dxe5 {[%clk 1:00:15]} 14. Qe2 {[%clk 1:02:19]} Bd6 {[%clk
0:50:59]} 15. Bg5 {[%clk 1:01:11]} h6 {[%clk 0:50:29]} 16. Bh4 {[%clk 1:00:58]}
Qb6 {[%clk 0:48:31]} 17. Qb5 {[%clk 0:53:24]} Be7 {[%clk 0:31:07]} 18. Kg1 {[%clk
0:41:58]} Nd5 {[%clk 0:27:46]} 19. Qxb6 {[%clk 0:41:14]} axb6 {[%clk 0:28:10]}
20. Nxd5 {[%clk 0:41:28]} Bxh4 {[%clk 0:28:35]} 21. Nxb6 {[%clk 0:41:35]} Rad8
{[%clk 0:27:21]} 22. g3 {[%clk 0:38:49]} Bf6 {[%clk 0:24:57]} 23. Rad1 {[%clk
0:38:25]} Rf7 {[%clk 0:20:10]} 24. c3 {[%clk 0:37:16]} Rc7 {[%clk 0:18:38]} 25.
Rxd8+ {[%clk 0:36:32]} Bxd8 {[%clk 0:19:03]} 26. Rd1 {[%clk 0:36:56]} Be7 {[%clk
0:18:05]} 27. Rd7 {[%clk 0:35:41]} Rxd7 {[%clk 0:18:11]} 28. Nxd7 {[%clk
0:36:09]} Bd6 {[%clk 0:18:31]} 29. Kg2 {[%clk 0:36:00]} e4 {[%clk 0:17:00]} 30.
Nb6 {[%clk 0:35:57]} Kf7 {[%clk 0:11:53]} 31. Nc4 {[%clk 0:36:11]} Be7 {[%clk
0:09:51]} 32. Nd2 {[%clk 0:36:27]} Kf6 {[%clk 0:06:47]} 33. Nxe4+ {[%clk
0:36:49]} Ke5 {[%clk 0:07:14]} 34. f3 {[%clk 0:35:51]} b5 {[%clk 0:07:34]} 35.
Kf2 {[%clk 0:35:51]} c4 {[%clk 0:06:19]} 36. Ke2 {[%clk 0:35:27]} g5 {[%clk
0:05:30]} 37. h3 {[%clk 0:34:55]} h5 {[%clk 0:05:28]} 38. Ke3 {[%clk 0:33:52]}
Bd8 {[%clk 0:04:56]} 39. Nxg5 {[%clk 0:30:50]} Bxg5+ {[%clk 0:02:45]} 40. f4+
{[%clk 1:01:17]} Bxf4+ {[%clk 0:33:12]} 41. gxf4+ {[%clk 1:01:44]} Kf5 {[%clk
0:33:26]} 42. b3 {[%clk 1:02:07]} cxb3 {[%clk 0:32:27]} 43. axb3 {[%clk 1:02:35]}
e5 {[%clk 0:32:50]} 44. fxe5 {[%clk 1:02:11]} Kxe5 {[%clk 0:33:15]} 45. h4 {[%clk
1:01:32]} 1-0

[Event "Greek Team Championship"]
[Site "chess24.com"]
[Date "2017.07.06"]
[Round "5"]
[White "Beliotis, Georgios"]
[Black "Marinakis, Hristos"]
[Result "1-0"]
[Board "9"]
[WhiteElo "2107"]
[WhiteCountry "GRE"]
[WhiteFideId "4231945"]
[WhiteEloChange "4"]
[BlackElo "1842"]
[BlackCountry "GRE"]
[BlackFideId "4294661"]
[BlackEloChange "-4"]

1. e4 {[%clk 1:30:49]} e5 {[%clk 1:30:52]} 2. Nf3 {[%clk 1:29:56]} Nc6 {[%clk
1:31:15]} 3. Bb5 {[%clk 1:30:19]} a6 {[%clk 1:31:37]} 4. Ba4 {[%clk 1:30:41]} Nf6
{[%clk 1:31:58]} 5. O-O {[%clk 1:31:02]} Be7 {[%clk 1:32:21]} 6. Re1 {[%clk
1:31:14]} b5 {[%clk 1:32:44]} 7. Bb3 {[%clk 1:31:38]} d6 {[%clk 1:33:07]} 8. c3
{[%clk 1:32:02]} O-O {[%clk 1:33:30]} 9. d4 {[%clk 1:32:26]} Bg4 {[%clk 1:33:52]}
10. Be3 {[%clk 1:32:49]} Na5 {[%clk 1:27:49]} 11. dxe5 {[%clk 1:32:44]} Bxf3
{[%clk 1:24:41]} 12. Qxf3 {[%clk 1:33:01]} dxe5 {[%clk 1:22:46]} 13. Bc2 {[%clk
1:33:22]} c5 {[%clk 1:18:04]} 14. Nd2 {[%clk 1:32:52]} Nd7 {[%clk 1:07:58]} 15.
Rad1 {[%clk 1:29:49]} Qc7 {[%clk 1:06:26]} 16. Nf1 {[%clk 1:21:16]} Rfd8 {[%clk
1:02:19]} 17. Bc1 {[%clk 1:14:31]} Nb6 {[%clk 0:50:41]} 18. Qg3 {[%clk 1:10:45]}
Kh8 {[%clk 0:42:06]} 19. Ne3 {[%clk 1:08:11]} b4 {[%clk 0:35:26]} 20. Nd5 {[%clk
1:01:43]} Nxd5 {[%clk 0:29:46]} 21. exd5 {[%clk 1:02:04]} Bd6 {[%clk 0:29:57]}
22. Qh4 {[%clk 0:55:17]} g6 {[%clk 0:29:20]} 23. Bg5 {[%clk 0:53:49]} Re8 {[%clk
0:25:34]} 24. Bf6+ {[%clk 0:53:53]} Kg8 {[%clk 0:25:49]} 25. Re3 {[%clk 0:54:17]}
Be7 {[%clk 0:23:58]} 26. Qxh7+ {[%clk 0:54:39]} 1-0

[Event "Greek Team Championship"]
[Site "chess24.com"]
[Date "2017.07.06"]
[Round "5"]
[White "Pantelakis, Lefteris"]
[Black "Athanasopoulos, Theodoros"]
[Result "1-0"]
[Board "10"]
[WhiteElo "1206"]
[WhiteCountry "GRE"]
[WhiteFideId "25800043"]
[WhiteEloChange "13"]
[BlackElo "1297"]
[BlackCountry "GRE"]
[BlackFideId "25842722"]
[BlackEloChange "-13"]

1. e4 {[%clk 1:30:58]} d5 {[%clk 1:30:54]} 2. exd5 {[%clk 1:31:21]} Qxd5 {[%clk
1:31:15]} 3. Nc3 {[%clk 1:31:40]} Qa5 {[%clk 1:31:15]} 4. d4 {[%clk 1:31:57]} Nf6
{[%clk 1:31:49]} 5. Nf3 {[%clk 1:32:12]} Bf5 {[%clk 1:31:36]} 6. Bc4 {[%clk
1:32:08]} e6 {[%clk 1:31:22]} 7. Bd2 {[%clk 1:31:51]} Bb4 {[%clk 1:31:43]} 8. a3
{[%clk 1:29:11]} Bxc3 {[%clk 1:32:04]} 9. Bxc3 {[%clk 1:29:12]} Qb6 {[%clk
1:32:07]} 10. d5 {[%clk 1:17:02]} Ne4 {[%clk 1:21:24]} 11. Bd4 {[%clk 1:16:43]}
Qa5+ {[%clk 1:19:46]} 12. b4 {[%clk 1:16:08]} Qa4 {[%clk 1:19:29]} 13. dxe6
{[%clk 1:04:57]} fxe6 {[%clk 1:19:29]} 14. Qe2 {[%clk 0:55:54]} Qd7 {[%clk
1:15:34]} 15. O-O-O {[%clk 0:44:37]} Nc6 {[%clk 1:12:31]} 16. Bb2 {[%clk
0:42:05]} Qe7 {[%clk 1:11:11]} 17. Bd3 {[%clk 0:39:45]} Nf6 {[%clk 1:03:30]} 18.
Bxf5 {[%clk 0:38:43]} exf5 {[%clk 1:03:52]} 19. Qxe7+ {[%clk 0:39:04]} Nxe7
{[%clk 1:03:45]} 20. Rhe1 {[%clk 0:39:07]} Rf8 {[%clk 1:03:01]} 21. Ng5 {[%clk
0:37:19]} b6 {[%clk 1:00:16]} 22. Ne6 {[%clk 0:37:20]} Rg8 {[%clk 1:00:02]} 23.
Nxc7+ {[%clk 0:37:04]} Kf7 {[%clk 1:00:23]} 24. Nxa8 {[%clk 0:37:12]} Rxa8 {[%clk
1:00:43]} 25. Bxf6 {[%clk 0:36:37]} Kxf6 {[%clk 1:00:56]} 26. Rd6+ {[%clk
0:36:54]} Kf7 {[%clk 1:01:10]} 27. Rd7 {[%clk 0:37:13]} Re8 {[%clk 1:01:25]} 28.
Rxa7 {[%clk 0:37:22]} Kf6 {[%clk 1:01:39]} 29. Rb7 {[%clk 0:37:29]} g5 {[%clk
1:01:30]} 30. Rxb6+ {[%clk 0:37:40]} Kf7 {[%clk 1:01:47]} 31. Rb7 {[%clk
0:37:45]} h5 {[%clk 1:01:58]} 32. Rexe7+ {[%clk 0:37:49]} Rxe7 {[%clk 1:02:13]}
33. Rxe7+ {[%clk 0:38:11]} Kxe7 {[%clk 1:02:38]} 34. c4 {[%clk 0:38:32]} Kd7
{[%clk 1:02:59]} 35. Kd2 {[%clk 0:38:54]} Kd6 {[%clk 1:02:24]} 36. Kd3 {[%clk
0:39:06]} Ke5 {[%clk 1:02:20]} 37. b5 {[%clk 0:39:24]} Kd6 {[%clk 1:02:42]} 38.
Kd4 {[%clk 0:39:46]} h4 {[%clk 1:02:51]} 39. c5+ {[%clk 0:39:56]} Kc7 {[%clk
1:02:42]} 40. Kd5 {[%clk 1:10:14]} g4 {[%clk 1:32:36]} 41. a4 {[%clk 1:10:11]} f4
{[%clk 1:32:45]} 42. Ke4 {[%clk 1:10:15]} f3 {[%clk 1:31:28]} 43. gxf3 {[%clk
1:10:16]} g3 {[%clk 1:31:36]} 44. fxg3 {[%clk 1:10:40]} hxg3 {[%clk 1:31:58]} 45.
hxg3 {[%clk 1:11:05]} Kb7 {[%clk 1:32:16]} 46. g4 {[%clk 1:11:30]} Kc7 {[%clk
1:31:50]} 47. Kd5 {[%clk 1:11:49]} Kb7 {[%clk 1:32:06]} 48. g5 {[%clk 1:12:14]}
Kc7 {[%clk 1:32:22]} 49. g6 {[%clk 1:12:33]} Kd7 {[%clk 1:32:38]} 50. g7 {[%clk
1:12:55]} Kc7 {[%clk 1:33:01]} 51. g8Q {[%clk 1:13:07]} Kb7 {[%clk 1:33:11]} 52.
Qf7+ {[%clk 1:13:28]} 1-0

[Event "Greek Team Championship"]
[Site "chess24.com"]
[Date "2017.07.06"]
[Round "5"]
[White "Baldauf, Marco"]
[Black "Sadzikowski, Daniel"]
[Result "0-1"]
[Board "1"]
[WhiteElo "2459"]
[WhiteTitle "IM"]
[WhiteCountry "GER"]
[WhiteFideId "4688210"]
[WhiteEloChange "-4"]
[BlackElo "2559"]
[BlackTitle "IM"]
[BlackCountry "POL"]
[BlackFideId "1132253"]
[BlackEloChange "4"]

1. d4 {[%clk 1:30:57]} Nf6 {[%clk 1:30:50]} 2. c4 {[%clk 1:31:22]} g6 {[%clk
1:31:07]} 3. Nc3 {[%clk 1:30:25]} d5 {[%clk 1:31:31]} 4. Bf4 {[%clk 1:23:48]} Bg7
{[%clk 1:31:49]} 5. e3 {[%clk 1:24:12]} O-O {[%clk 1:31:25]} 6. Rc1 {[%clk
1:22:29]} c5 {[%clk 1:22:35]} 7. dxc5 {[%clk 1:22:50]} Ne4 {[%clk 1:23:03]} 8.
Nge2 {[%clk 1:11:14]} e5 {[%clk 1:10:05]} 9. Bg3 {[%clk 1:11:39]} Nxg3 {[%clk
1:07:52]} 10. Nxg3 {[%clk 1:11:09]} d4 {[%clk 1:08:09]} 11. exd4 {[%clk 1:10:05]}
exd4 {[%clk 1:08:06]} 12. Nd5 {[%clk 1:10:31]} Nd7 {[%clk 0:54:04]} 13. b4 {[%clk
1:07:36]} a5 {[%clk 0:54:00]} 14. a3 {[%clk 1:08:04]} axb4 {[%clk 0:54:10]} 15.
axb4 {[%clk 1:08:32]} b6 {[%clk 0:48:53]} 16. Be2 {[%clk 0:51:36]} bxc5 {[%clk
0:49:07]} 17. O-O {[%clk 0:52:01]} cxb4 {[%clk 0:46:07]} 18. Nxb4 {[%clk
0:52:12]} Nc5 {[%clk 0:41:38]} 19. Nd3 {[%clk 0:32:20]} Na4 {[%clk 0:24:35]} 20.
Bf3 {[%clk 0:32:05]} Ra5 {[%clk 0:23:55]} 21. Ra1 {[%clk 0:29:22]} Nc3 {[%clk
0:23:46]} 22. Qb3 {[%clk 0:26:17]} h5 {[%clk 0:21:52]} 23. Rxa5 {[%clk 0:13:55]}
Qxa5 {[%clk 0:22:19]} 24. Ne2 {[%clk 0:11:48]} Bf5 {[%clk 0:19:15]} 25. Nec1
{[%clk 0:09:17]} Qa7 {[%clk 0:19:24]} 26. Qb7 {[%clk 0:08:33]} Ne2+ {[%clk
0:14:12]} 27. Nxe2 {[%clk 0:09:00]} Qxb7 {[%clk 0:14:36]} 28. Bxb7 {[%clk
0:09:27]} Bxd3 {[%clk 0:15:00]} 29. Bf3 {[%clk 0:09:20]} Re8 {[%clk 0:13:41]} 30.
Nf4 {[%clk 0:09:42]} Bxf1 {[%clk 0:13:40]} 31. Kxf1 {[%clk 0:10:11]} Bf8 {[%clk
0:08:19]} 32. h4 {[%clk 0:09:41]} Rb8 {[%clk 0:07:32]} 33. Nd3 {[%clk 0:09:32]}
Rb3 {[%clk 0:07:27]} 34. Ke2 {[%clk 0:08:37]} Rc3 {[%clk 0:07:14]} 35. Bd5 {[%clk
0:09:05]} Kg7 {[%clk 0:07:09]} 36. Ne5 {[%clk 0:03:08]} Bd6 {[%clk 0:05:38]} 37.
Nd3 {[%clk 0:01:38]} Be7 {[%clk 0:05:59]} 38. g3 {[%clk 0:01:51]} Bd6 {[%clk
0:06:28]} 39. f4 {[%clk 0:01:18]} f6 {[%clk 0:06:56]} 40. Be6 {[%clk 0:31:19]}
Kh6 {[%clk 0:36:59]} 0-1

[Event "Greek Team Championship"]
[Site "chess24.com"]
[Date "2017.07.06"]
[Round "5"]
[White "Barski, Radoslaw"]
[Black "Seyb, Alexander"]
[Result "1-0"]
[Board "2"]
[WhiteElo "2411"]
[WhiteCountry "POL"]
[WhiteFideId "1131710"]
[WhiteEloChange "5"]
[BlackElo "2425"]
[BlackTitle "IM"]
[BlackCountry "GER"]
[BlackFideId "4699033"]
[BlackEloChange "-5"]

1. e4 {[%clk 1:30:55]} c5 {[%clk 1:30:54]} 2. Nf3 {[%clk 1:31:21]} d6 {[%clk
1:31:16]} 3. d4 {[%clk 1:31:48]} cxd4 {[%clk 1:31:42]} 4. Nxd4 {[%clk 1:32:14]}
Nf6 {[%clk 1:32:05]} 5. Nc3 {[%clk 1:32:40]} a6 {[%clk 1:32:28]} 6. Be3 {[%clk
1:33:07]} e5 {[%clk 1:32:45]} 7. Nb3 {[%clk 1:33:31]} Be7 {[%clk 1:33:01]} 8. h3
{[%clk 1:33:55]} O-O {[%clk 1:33:09]} 9. f4 {[%clk 1:33:05]} b5 {[%clk 1:16:14]}
10. Qf3 {[%clk 1:25:15]} Nbd7 {[%clk 1:12:15]} 11. O-O-O {[%clk 1:24:21]} b4
{[%clk 1:10:14]} 12. Nd5 {[%clk 1:23:48]} Nxd5 {[%clk 1:10:38]} 13. exd5 {[%clk
1:20:22]} a5 {[%clk 1:04:49]} 14. Kb1 {[%clk 1:14:15]} Rb8 {[%clk 0:43:49]} 15.
Nd2 {[%clk 1:05:15]} a4 {[%clk 0:38:08]} 16. f5 {[%clk 0:50:14]} Qc7 {[%clk
0:29:28]} 17. g4 {[%clk 0:46:17]} a3 {[%clk 0:26:18]} 18. g5 {[%clk 0:38:14]} g6
{[%clk 0:13:50]} 19. Bd3 {[%clk 0:25:03]} axb2 {[%clk 0:13:29]} 20. h4 {[%clk
0:24:00]} Ra8 {[%clk 0:13:29]} 21. f6 {[%clk 0:10:53]} Rxa2 {[%clk 0:12:09]} 22.
Kxa2 {[%clk 0:10:51]} Qc3 {[%clk 0:12:32]} 23. Nb1 {[%clk 0:07:29]} 1-0

[Event "Greek Team Championship"]
[Site "chess24.com"]
[Date "2017.07.06"]
[Round "5"]
[White "Xylogiannopoulos, Antonios"]
[Black "Katzourakis, Pavlos"]
[Result "0-1"]
[Board "3"]
[WhiteElo "2265"]
[WhiteCountry "GRE"]
[WhiteFideId "4215133"]
[WhiteEloChange "-14"]
[BlackElo "2104"]
[BlackCountry "GRE"]
[BlackFideId "4203798"]
[BlackEloChange "14"]

1. e4 {[%clk 1:30:56]} c5 {[%clk 1:28:04]} 2. c3 {[%clk 1:31:15]} Nf6 {[%clk
1:28:19]} 3. e5 {[%clk 1:31:33]} Nd5 {[%clk 1:28:38]} 4. d4 {[%clk 1:31:41]} cxd4
{[%clk 1:28:59]} 5. Nf3 {[%clk 1:32:05]} e6 {[%clk 1:29:11]} 6. cxd4 {[%clk
1:32:15]} d6 {[%clk 1:29:31]} 7. Bc4 {[%clk 1:32:19]} Nb6 {[%clk 1:29:19]} 8. Bd3
{[%clk 1:31:51]} Nc6 {[%clk 1:27:22]} 9. Nc3 {[%clk 1:28:56]} dxe5 {[%clk
1:27:00]} 10. dxe5 {[%clk 1:29:14]} Nb4 {[%clk 1:27:25]} 11. Bb5+ {[%clk
1:27:29]} Bd7 {[%clk 1:27:44]} 12. Bg5 {[%clk 1:24:46]} Be7 {[%clk 1:27:12]} 13.
Bxe7 {[%clk 1:24:18]} Qxe7 {[%clk 1:27:35]} 14. O-O {[%clk 1:21:42]} Bxb5 {[%clk
1:27:08]} 15. Nxb5 {[%clk 1:22:09]} O-O {[%clk 1:27:29]} 16. Qb3 {[%clk 1:12:25]}
Rfd8 {[%clk 1:22:30]} 17. a3 {[%clk 1:09:05]} N4d5 {[%clk 1:19:19]} 18. Rfd1
{[%clk 1:03:56]} Nd7 {[%clk 1:06:27]} 19. Rac1 {[%clk 1:02:48]} b6 {[%clk
1:04:22]} 20. Qc4 {[%clk 0:54:28]} Nf8 {[%clk 0:59:31]} 21. Nfd4 {[%clk 0:48:13]}
Qg5 {[%clk 0:57:53]} 22. Nc6 {[%clk 0:42:30]} Rdc8 {[%clk 0:54:34]} 23. h4 {[%clk
0:32:08]} Qh5 {[%clk 0:49:50]} 24. g3 {[%clk 0:21:46]} Ng6 {[%clk 0:49:00]} 25.
Qd4 {[%clk 0:20:40]} Rxc6 {[%clk 0:48:22]} 26. Rxc6 {[%clk 0:17:04]} Nxe5 {[%clk
0:48:35]} 27. Rdc1 {[%clk 0:17:18]} Nxc6 {[%clk 0:46:00]} 28. Rxc6 {[%clk
0:17:46]} h6 {[%clk 0:46:16]} 29. Nc3 {[%clk 0:16:48]} Rd8 {[%clk 0:43:54]} 30.
Rc7 {[%clk 0:15:46]} a5 {[%clk 0:42:06]} 31. Rc6 {[%clk 0:14:15]} Qf3 {[%clk
0:34:13]} 32. Rxb6 {[%clk 0:13:20]} Kh7 {[%clk 0:34:26]} 33. Rb3 {[%clk 0:08:45]}
a4 {[%clk 0:29:27]} 34. Rb4 {[%clk 0:04:42]} Nxc3 {[%clk 0:28:37]} 35. Qxd8
{[%clk 0:05:09]} Ne2+ {[%clk 0:29:00]} 36. Kf1 {[%clk 0:05:19]} Nxg3+ {[%clk
0:29:22]} 0-1

[Event "Greek Team Championship"]
[Site "chess24.com"]
[Date "2017.07.06"]
[Round "5"]
[White "Kalaitzoglou, Panayotis"]
[Black "Mihopoulos, Konstantinos"]
[Result "1-0"]
[Board "4"]
[WhiteElo "2061"]
[WhiteCountry "GRE"]
[WhiteFideId "4202422"]
[WhiteEloChange "9"]
[BlackElo "2028"]
[BlackCountry "GRE"]
[BlackFideId "4217110"]
[BlackEloChange "-9"]

1. e4 {[%clk 1:28:07]} g6 {[%clk 1:30:34]} 2. d4 {[%clk 1:28:03]} Bg7 {[%clk
1:30:56]} 3. Nc3 {[%clk 1:28:15]} c6 {[%clk 1:31:16]} 4. f4 {[%clk 1:27:41]} Qb6
{[%clk 1:31:32]} 5. Nf3 {[%clk 1:27:12]} d5 {[%clk 1:31:55]} 6. e5 {[%clk
1:26:01]} Bg4 {[%clk 1:31:09]} 7. Be2 {[%clk 1:25:08]} Nh6 {[%clk 1:30:11]} 8.
Na4 {[%clk 1:20:58]} Qc7 {[%clk 1:29:10]} 9. O-O {[%clk 1:15:59]} Nf5 {[%clk
1:28:57]} 10. h3 {[%clk 1:11:10]} Bxf3 {[%clk 1:28:54]} 11. Rxf3 {[%clk 1:11:15]}
e6 {[%clk 1:28:19]} 12. b3 {[%clk 1:06:36]} Bf8 {[%clk 1:15:06]} 13. c4 {[%clk
0:58:30]} Nd7 {[%clk 1:06:27]} 14. Bb2 {[%clk 0:56:38]} Nb6 {[%clk 1:01:33]} 15.
Nxb6 {[%clk 0:37:42]} Qxb6 {[%clk 0:59:59]} 16. c5 {[%clk 0:35:57]} Qd8 {[%clk
0:57:54]} 17. b4 {[%clk 0:34:03]} a6 {[%clk 0:51:06]} 18. a4 {[%clk 0:32:00]} g5
{[%clk 0:44:30]} 19. Bd3 {[%clk 0:21:02]} Nh4 {[%clk 0:38:16]} 20. Rf2 {[%clk
0:20:41]} gxf4 {[%clk 0:32:10]} 21. Rxf4 {[%clk 0:13:22]} Bh6 {[%clk 0:27:51]}
22. Rf6 {[%clk 0:12:46]} Bg5 {[%clk 0:27:25]} 23. Rf1 {[%clk 0:07:50]} Be3+
{[%clk 0:19:42]} 24. Kh1 {[%clk 0:07:54]} Qg5 {[%clk 0:20:01]} 25. Qe2 {[%clk
0:07:34]} Qg3 {[%clk 0:16:53]} 26. Bc1 {[%clk 0:04:49]} Bxd4 {[%clk 0:15:45]} 27.
Bf4 {[%clk 0:04:41]} Qg7 {[%clk 0:15:56]} 28. Ra2 {[%clk 0:03:55]} Bc3 {[%clk
0:14:25]} 29. Qh5 {[%clk 0:01:23]} Ng6 {[%clk 0:13:22]} 30. Bg5 {[%clk 0:01:25]}
Bxe5 {[%clk 0:12:15]} 31. Re2 {[%clk 0:01:46]} Bc3 {[%clk 0:08:36]} 32. b5 {[%clk
0:01:28]} axb5 {[%clk 0:07:37]} 33. axb5 {[%clk 0:01:50]} Qd4 {[%clk 0:01:49]}
34. Bxg6 {[%clk 0:00:59]} hxg6 {[%clk 0:01:47]} 35. Rxe6+ {[%clk 0:01:15]} Kd7
{[%clk 0:00:52]} 36. Re7+ {[%clk 0:00:50]} Kc8 {[%clk 0:01:14]} 37. Qe2 {[%clk
0:00:39]} Rd8 {[%clk 0:00:33]} 38. b6 {[%clk 0:00:34]} Ra1 {[%clk 0:00:33]} 39.
Rxa1 {[%clk 0:00:44]} Bxa1 {[%clk 0:00:55]} 40. Rc7+ {[%clk 0:31:03]} Kb8 {[%clk
0:31:17]} 41. Bxd8 {[%clk 0:30:36]} Qxc5 {[%clk 0:28:04]} 42. Rxf7 {[%clk
0:30:12]} 1-0

[Event "Greek Team Championship"]
[Site "chess24.com"]
[Date "2017.07.06"]
[Round "5"]
[White "Fragkou, Eleni"]
[Black "Markaki, Sofia"]
[Result "0-1"]
[Board "5"]
[WhiteElo "1974"]
[WhiteCountry "GRE"]
[WhiteFideId "4221150"]
[WhiteEloChange "-17"]
[BlackElo "1670"]
[BlackCountry "GRE"]
[BlackFideId "4248848"]
[BlackEloChange "17"]

1. e4 {[%clk 1:30:51]} c5 {[%clk 1:30:54]} 2. Nf3 {[%clk 1:31:10]} d6 {[%clk
1:31:21]} 3. d4 {[%clk 1:31:22]} cxd4 {[%clk 1:31:44]} 4. Nxd4 {[%clk 1:31:45]}
Nf6 {[%clk 1:32:05]} 5. Nc3 {[%clk 1:32:00]} Nc6 {[%clk 1:32:28]} 6. Bg5 {[%clk
1:32:03]} e6 {[%clk 1:32:50]} 7. Qd3 {[%clk 1:32:17]} a6 {[%clk 1:32:53]} 8.
O-O-O {[%clk 1:32:14]} h6 {[%clk 1:32:41]} 9. Nxc6 {[%clk 1:26:18]} bxc6 {[%clk
1:32:44]} 10. Bh4 {[%clk 1:11:12]} Be7 {[%clk 1:22:44]} 11. f4 {[%clk 0:56:28]}
d5 {[%clk 1:04:48]} 12. Be2 {[%clk 0:42:11]} Nd7 {[%clk 0:56:11]} 13. Bxe7 {[%clk
0:35:58]} Qxe7 {[%clk 0:56:34]} 14. Rhe1 {[%clk 0:34:50]} O-O {[%clk 0:23:58]}
15. Bf3 {[%clk 0:30:09]} Qb4 {[%clk 0:23:16]} 16. a3 {[%clk 0:16:08]} Qb6 {[%clk
0:22:09]} 17. exd5 {[%clk 0:11:36]} cxd5 {[%clk 0:22:23]} 18. Qd4 {[%clk
0:11:47]} Rb8 {[%clk 0:13:21]} 19. Qxb6 {[%clk 0:10:56]} Rxb6 {[%clk 0:12:13]}
20. Rd4 {[%clk 0:03:59]} Nc5 {[%clk 0:09:35]} 21. b4 {[%clk 0:04:05]} Nb7 {[%clk
0:08:56]} 22. Be2 {[%clk 0:02:35]} Bd7 {[%clk 0:08:31]} 23. Kd2 {[%clk 0:01:43]}
Rc8 {[%clk 0:07:51]} 24. Rc1 {[%clk 0:01:32]} Nd6 {[%clk 0:07:22]} 25. Nd1 {[%clk
0:01:07]} Rbc6 {[%clk 0:03:41]} 26. Bd3 {[%clk 0:00:42]} Nc4+ {[%clk 0:03:35]}
27. Bxc4 {[%clk 0:00:57]} Rxc4 {[%clk 0:04:00]} 28. c3 {[%clk 0:01:06]} Kf8
{[%clk 0:02:03]} 29. Nb2 {[%clk 0:01:10]} R4c7 {[%clk 0:01:45]} 30. Nd3 {[%clk
0:01:28]} Bb5 {[%clk 0:01:23]} 31. Nc5 {[%clk 0:01:07]} Bc4 {[%clk 0:01:35]} 32.
Re1 {[%clk 0:01:08]} Rc6 {[%clk 0:01:01]} 33. Nd7+ {[%clk 0:00:50]} Ke7 {[%clk
0:01:04]} 34. Ne5 {[%clk 0:00:34]} R6c7 {[%clk 0:01:22]} 35. f5 {[%clk 0:00:44]}
Kf6 {[%clk 0:00:37]} 36. fxe6 {[%clk 0:00:50]} fxe6 {[%clk 0:01:01]} 37. Rf4+
{[%clk 0:01:06]} Ke7 {[%clk 0:01:05]} 38. Re3 {[%clk 0:00:49]} Kd6 {[%clk
0:00:54]} 39. Nf7+ {[%clk 0:00:45]} Ke7 {[%clk 0:01:06]} 40. Ne5 {[%clk 0:30:37]}
Kd6 {[%clk 0:30:56]} 41. a4 {[%clk 0:24:43]} Bb3 {[%clk 0:26:31]} 42. a5 {[%clk
0:23:47]} Ba4 {[%clk 0:26:09]} 43. h4 {[%clk 0:20:21]} Be8 {[%clk 0:18:55]} 44.
g4 {[%clk 0:18:27]} g5 {[%clk 0:05:02]} 45. hxg5 {[%clk 0:04:55]} hxg5 {[%clk
0:05:24]} 46. Rd4 {[%clk 0:05:12]} Bb5 {[%clk 0:04:25]} 47. Nf3 {[%clk 0:04:32]}
Rh8 {[%clk 0:03:32]} 48. Ke1 {[%clk 0:00:46]} Rh3 {[%clk 0:03:05]} 49. Kf2 {[%clk
0:00:50]} Rf7 {[%clk 0:02:42]} 50. Kg2 {[%clk 0:01:05]} Bf1+ {[%clk 0:02:56]} 51.
Kxf1 {[%clk 0:01:03]} Rfxf3+ {[%clk 0:03:19]} 52. Rxf3 {[%clk 0:01:00]} Rxf3+
{[%clk 0:03:44]} 53. Ke2 {[%clk 0:00:44]} Rxc3 {[%clk 0:04:08]} 54. Rd1 {[%clk
0:00:35]} Rb3 {[%clk 0:04:15]} 55. Rh1 {[%clk 0:00:36]} Rxb4 {[%clk 0:04:14]} 56.
Rh8 {[%clk 0:00:46]} Kc5 {[%clk 0:04:03]} 57. Re8 {[%clk 0:00:44]} Rxg4 {[%clk
0:04:04]} 0-1